[Event "SUI-chB"]
[Site "Flims"]
[Date "2012.07.19"]
[Round "8"]
[White "Huss, Andreas"]
[Black "Sher, Miron Naumovich"]
[Result "1/2-1/2"]
[WhiteElo "2319"]
[BlackElo "2410"]
[PlyCount "39"]
[EventDate "2012.07.12"]
[EventType "swiss"]
[EventRounds "9"]
[EventCountry "SUI"]
[SourceTitle "CBM 149 Extra"]
[Source "ChessBase"]
[SourceDate "2012.08.24"]
[SourceVersion "1"]
[SourceVersionDate "2012.08.24"]
[SourceQuality "1"]

1. d4 e6 2. c4 Nf6 3. Nf3 b6 4. Nc3 Bb4 5. Qc2 Bb7 6. a3 Bxc3+ 7. Qxc3 0-0 8. e3 d6 9. Bd3 Nbd7 10. 0-0 Ne4 11. Qe1 c5 12. Nd2 Nxd2 13. Bxd2 cxd4 14. exd4 d5 15. b3 dxc4 16. bxc4 Nc5 17. Bxh7+ Kxh7 18. dxc5 Qd4 19. Qc1 Bxg2 20. Kxg2 1/2-1/2

[Event "SUI-chB"]
[Site "Flims"]
[Date "2012.07.16"]
[Round "5"]
[White "Sher, Miron Naumovich"]
[Black "Gara, Anita"]
[Result "1/2-1/2"]
[WhiteElo "2410"]
[BlackElo "2312"]
[PlyCount "37"]
[EventDate "2012.07.12"]
[EventType "swiss"]
[EventRounds "9"]
[EventCountry "SUI"]
[SourceTitle "CBM 149 Extra"]
[Source "ChessBase"]
[SourceDate "2012.08.24"]
[SourceVersion "1"]
[SourceVersionDate "2012.08.24"]
[SourceQuality "1"]

1. c4 b6 2. d4 Bb7 3. Nc3 e6 4. a3 f5 5. d5 Nf6 6. Nf3 Na6 7. b4 Be7 8. e3 0-0 9. Be2 Ne4 10. Bb2 Bf6 11. Qc2 c5 12. dxc6 Bxc6 13. 0-0 Rc8 14. Rad1 Qe8 15. Nxe4 Bxe4 16. Qd2 Bxb2 17. Qxb2 Nb8 18. Ne5 Qe7 19. f3 1/2-1/2

[Event "SUI-ch 111th"]
[Site "Leukerbad"]
[Date "2011.07.13"]
[Round "7"]
[White "Kappeler, Kaspar"]
[Black "Sher, Miron Naumovich"]
[Result "1/2-1/2"]
[WhiteElo "2234"]
[BlackElo "2421"]
[PlyCount "87"]
[EventDate "2011.07.07"]
[EventType "swiss"]
[EventRounds "9"]
[EventCountry "SUI"]
[SourceTitle "CBM 143 Extra"]
[Source "ChessBase"]
[SourceDate "2011.08.29"]
[SourceVersion "1"]
[SourceVersionDate "2011.08.29"]
[SourceQuality "1"]

1. d4 e6 2. c4 Bb4+ 3. Bd2 a5 4. g3 d6 5. Nf3 Nc6 6. Bg2 e5 7. 0-0 exd4 8. Nxd4 Nge7 9. Bc3 0-0 10. b3 Bd7 11. Qd2 Bc5 12. e3 Qc8 13. Nxc6 Nxc6 14. Qb2 f6 15. Nd2 Bb4 16. a3 Bxc3 17. Qxc3 Bh3 18. Bd5+ Kh8 19. Rfe1 Qd7 20. b4 Be6 21. Bg2 Bh3 22. Bh1 axb4 23. axb4 Rae8 24. b5 Nd8 25. Nb3 b6 26. Nd4 Qe7 27. Ra7 Ne6 28. Nxe6 Bxe6 29. Bd5 Rc8 30. Qd4 Qf7 31. Rea1 h6 32. h4 Rfe8 33. Bxe6 Qxe6 34. Qd5 Qxd5 35. cxd5 Re5 36. Rd1 Kg8 37. Kg2 Kf8 38. Kf3 Ke7 39. Rd4 Kd7 40. Ke2 Rce8 41. Rc4 Rc8 42. Rd4 Rce8 43. Rc4 Rc8 44. Rd4 1/2-1/2

[Event "SUI-ch 111th"]
[Site "Leukerbad"]
[Date "2011.07.12"]
[Round "6"]
[White "Sher, Miron Naumovich"]
[Black "Botta, Gabriele"]
[Result "1/2-1/2"]
[WhiteElo "2421"]
[BlackElo "2261"]
[PlyCount "106"]
[EventDate "2011.07.07"]
[EventType "swiss"]
[EventRounds "9"]
[EventCountry "SUI"]
[SourceTitle "CBM 143 Extra"]
[Source "ChessBase"]
[SourceDate "2011.08.29"]
[SourceVersion "1"]
[SourceVersionDate "2011.08.29"]
[SourceQuality "1"]

1. c4 Nf6 2. Nc3 e6 3. Nf3 d5 4. d4 Bb4 5. cxd5 exd5 6. Qa4+ Nc6 7. Bg5 0-0 8. e3 h6 9. Bxf6 Qxf6 10. Be2 Bf5 11. 0-0 Bxc3 12. bxc3 Ne7 13. c4 dxc4 14. Qxc4 c6 15. Rfc1 Ng6 16. Qb4 Rab8 17. a4 Rfe8 18. Qa5 Ra8 19. Qc5 Re7 20. a5 a6 21. Ra2 Rd8 22. Rb2 Bg4 23. Rcb1 Bf5 24. Rc1 Bg4 25. Qc3 Bxf3 26. Bxf3 Nh4 27. Be2 Qg5 28. g3 Nf5 29. Bf1 h5 30. Bg2 h4 31. Qc5 Qf6 32. Rcb1 hxg3 33. hxg3 Nd6 34. Rc1 Nb5 35. Qb4 g6 36. Rc5 Kg7 37. Rb1 Red7 38. Rbc1 Qe7 39. Bh3 Rd6 40. Bf1 Re6 41. Qb3 Nd6 42. d5 cxd5 43. Rxd5 Ne4 44. Qb2+ Kg8 45. Rxd8+ Qxd8 46. Qxb7 Qd2 47. Qc8+ Kg7 48. Qc2 Qxa5 49. Qb2+ Kh7 50. Ra1 Qg5 51. Bg2 Nxg3 52. fxg3 Qxg3 53. Qf2 Qxe3 1/2-1/2

[Event "SUI-ch 111th"]
[Site "Leukerbad"]
[Date "2011.07.10"]
[Round "4"]
[White "Sher, Miron Naumovich"]
[Black "Schiendorfer, Emanuel"]
[Result "1/2-1/2"]
[WhiteElo "2421"]
[BlackElo "2304"]
[PlyCount "61"]
[EventDate "2011.07.07"]
[EventType "swiss"]
[EventRounds "9"]
[EventCountry "SUI"]
[SourceTitle "CBM 143 Extra"]
[Source "ChessBase"]
[SourceDate "2011.08.29"]
[SourceVersion "1"]
[SourceVersionDate "2011.08.29"]
[SourceQuality "1"]

1. e4 c5 2. Nf3 d6 3. Bb5+ Bd7 4. a4 Nc6 5. 0-0 Nf6 6. Re1 e6 7. d3 Be7 8. Bxc6 Bxc6 9. e5 Ng4 10. exd6 Qxd6 11. h3 Nf6 12. Ne5 0-0 13. Nxc6 Qxc6 14. b3 Nd5 15. Bb2 Bf6 16. Bxf6 Nxf6 17. Nc3 Rad8 18. Qd2 Qb6 19. Re2 Rd4 20. Rae1 a6 21. Ne4 Nxe4 22. Rxe4 Rfd8 23. Qc3 h6 24. Re5 R8d5 25. Rxd5 Rxd5 26. Re4 Qc6 27. a5 Rg5 28. g3 Qd6 29. Rc4 Re5 30. Re4 Rxe4 31. dxe4 1/2-1/2

[Event "SUI-ch op"]
[Site "Lenzerheide"]
[Date "2010.07.10"]
[Round "3"]
[White "Sher, Miron Naumovich"]
[Black "Gaehwiler, Gabriel"]
[Result "1/2-1/2"]
[WhiteElo "2419"]
[BlackElo "2250"]
[PlyCount "58"]
[EventDate "2010.07.08"]
[EventType "swiss"]
[EventRounds "9"]
[EventCountry "SUI"]
[SourceTitle "CBM 137 Extra"]
[Source "ChessBase"]
[SourceDate "2010.09.01"]
[SourceVersion "1"]
[SourceVersionDate "2010.09.01"]
[SourceQuality "1"]

1. c4 Nf6 2. Nf3 g6 3. Nc3 Bg7 4. g3 0-0 5. Bg2 d6 6. 0-0 e5 7. d4 Nbd7 8. e4 exd4 9. Nxd4 Ne5 10. b3 Bd7 11. Bb2 Re8 12. Qc2 a6 13. Rfd1 Bg4 14. f3 c5 15. fxg4 cxd4 16. Rxd4 Qb6 17. Na4 Qa7 18. c5 dxc5 19. Qxc5 Qxc5 20. Nxc5 Rac8 21. Nd3 Nxd3 22. Rxd3 Nxg4 23. Bxg7 Kxg7 24. Bh3 Rxe4 25. Bxg4 Rxg4 26. Rd7 Rb4 27. Rf1 Rf8 28. Rc1 a5 29. Rcc7 b6 1/2-1/2

[Event "US Open-110"]
[Site "Indianapolis"]
[Date "2009.08.06"]
[Round "6"]
[White "Stopa, Jacek"]
[Black "Sher, Miron Naumovich"]
[Result "1-0"]
[WhiteElo "2471"]
[BlackElo "2419"]
[PlyCount "87"]
[EventDate "2009.08.01"]
[EventType "swiss"]
[EventRounds "9"]
[EventCountry "USA"]
[SourceTitle "CBM 131 Extra"]
[Source "ChessBase"]
[SourceDate "2009.09.03"]
[SourceVersion "2"]
[SourceVersionDate "2009.09.16"]
[SourceQuality "1"]

1. e4 Nf6 2. e5 Nd5 3. d4 d6 4. c4 Nb6 5. f4 dxe5 6. fxe5 Nc6 7. Be3 Bf5 8. Nc3 e6 9. Nf3 Qd7 10. Be2 0-0-0 11. 0-0 Bg4 12. c5 Nd5 13. Nxd5 Qxd5 14. b4 Qe4 15. Qb3 Be7 16. Rae1 Qg6 17. Rd1 Bf5 18. b5 Bc2 19. Qb2 Na5 20. Rd2 Be4 21. Qc3 b6 22. Bd3 Bxd3 23. Rxd3 Rd5 24. Rc1 Bd8 25. Rd2 h5 26. Rf2 h4 27. h3 Nb7 28. a4 bxc5 29. dxc5 Rd3 30. Qe1 Qe4 31. Re2 Be7 32. Bg5 Bxc5+ 33. Rxc5 Qxa4 34. Rc1 Qxb5 35. Rec2 Rd7 36. Kh1 c5 37. Nd2 Rd5 38. Ne4 Qc6 39. Bf4 f5 40. Nd6+ Nxd6 41. exd6 Kd7 42. Qa5 a6 43. Rxc5 Rxc5 44. Rxc5 1-0

[Event "SUI-ch op"]
[Site "Samnaun"]
[Date "2008.07.16"]
[Round "7"]
[White "Sher, Miron Naumovich"]
[Black "Raeber, Markus"]
[Result "1/2-1/2"]
[WhiteElo "2412"]
[BlackElo "2273"]
[PlyCount "38"]
[EventDate "2008.07.08"]
[EventType "tourn"]
[EventRounds "9"]
[EventCountry "SUI"]
[SourceTitle "CBM 125 Extra"]
[Source "ChessBase"]
[SourceDate "2008.09.01"]
[SourceVersion "1"]
[SourceVersionDate "2008.09.01"]
[SourceQuality "1"]

1. c4 Nf6 2. Nc3 g6 3. g3 Bg7 4. Bg2 0-0 5. e4 d6 6. Nge2 c6 7. 0-0 a6 8. d3 b5 9. h3 Bb7 10. Be3 Nbd7 11. b3 e5 12. f4 exf4 13. gxf4 Nh5 14. Rc1 b4 15. Nb1 f5 16. Nd2 c5 17. exf5 Bxg2 18. Kxg2 Qe7 19. Rf3 Rxf5 1/2-1/2

[Event "SUI-ch op"]
[Site "Samnaun"]
[Date "2008.07.13"]
[Round "4"]
[White "Gormally, Daniel"]
[Black "Sher, Miron Naumovich"]
[Result "1/2-1/2"]
[WhiteElo "2504"]
[BlackElo "2412"]
[PlyCount "33"]
[EventDate "2008.07.08"]
[EventType "tourn"]
[EventRounds "9"]
[EventCountry "SUI"]
[SourceTitle "CBM 125 Extra"]
[Source "ChessBase"]
[SourceDate "2008.09.01"]
[SourceVersion "1"]
[SourceVersionDate "2008.09.01"]
[SourceQuality "1"]

1. d4 Nf6 2. Nf3 e6 3. c4 b6 4. Bf4 Bb7 5. e3 Be7 6. h3 c5 7. dxc5 Bxc5 8. Nc3 0-0 9. Be2 d5 10. cxd5 Nxd5 11. Nxd5 Qxd5 12. 0-0 Nd7 13. Qa4 Nf6 14. Rfd1 Qe4 15. Qxe4 Bxe4 16. Nd2 Bb7 17. Nb3 1/2-1/2

[Event "Cappelle op 24th"]
[Site "Cappelle la Grande"]
[Date "2008.02.20"]
[Round "6"]
[White "Sher, Miron Naumovich"]
[Black "Hartikainen, Markku"]
[Result "0-1"]
[WhiteElo "2420"]
[BlackElo "2304"]
[PlyCount "88"]
[EventDate "2008.02.16"]
[EventType "swiss"]
[EventRounds "9"]
[EventCountry "FRA"]
[SourceTitle "CBM 122 Extra"]
[Source "ChessBase"]
[SourceDate "2008.03.04"]
[SourceVersion "1"]
[SourceVersionDate "2008.03.04"]
[SourceQuality "1"]

1. c4 e5 2. g3 Nf6 3. Bg2 Bc5 4. Nc3 0-0 5. e3 Re8 6. Nge2 d6 7. 0-0 c6 8. h3 Bf5 9. d4 Bb6 10. b4 Nbd7 11. a4 a6 12. Ba3 exd4 13. Nxd4 Bg6 14. b5 axb5 15. cxb5 c5 16. Nde2 Qb8 17. Nf4 Ba5 18. Ncd5 Be4 19. Bb2 Nxd5 20. Nxd5 Bxg2 21. Kxg2 Ne5 22. Rc1 Qc8 23. f4 Ng6 24. f5 Ne5 25. f6 Bd8 26. fxg7 Qe6 27. Bxe5 Qxe5 28. Rc4 Re6 29. Qd3 Rg6 30. Rf3 Qb2+ 31. Rf2 Qxg7 32. e4 Bh4 33. Rf3 Qb2+ 34. Kh1 Bg5 35. h4 Bd8 36. Ne3 Qa1+ 37. Rf1 Qa2 38. Rf3 Rxa4 39. Rxa4 Qxa4 40. Qd5 Qa1+ 41. Kh2 Bxh4 42. Qxf7+ Kh8 43. Nf5 Bf6 44. Qxb7 Bd4 0-1

[Event "Cappelle op 24th"]
[Site "Cappelle la Grande"]
[Date "2008.02.18"]
[Round "3"]
[White "Savchenko, Boris"]
[Black "Sher, Miron Naumovich"]
[Result "1-0"]
[WhiteElo "2589"]
[BlackElo "2420"]
[PlyCount "55"]
[EventDate "2008.02.16"]
[EventType "swiss"]
[EventRounds "9"]
[EventCountry "FRA"]
[SourceTitle "CBM 122 Extra"]
[Source "ChessBase"]
[SourceDate "2008.03.04"]
[SourceVersion "1"]
[SourceVersionDate "2008.03.04"]
[SourceQuality "1"]

1. e4 c5 2. Nf3 d6 3. d4 cxd4 4. Nxd4 Nf6 5. Nc3 Nc6 6. Bc4 e6 7. Be3 a6 8. Qe2 Qc7 9. 0-0-0 Be7 10. g4 Ne5 11. Bb3 Nexg4 12. Bg5 h6 13. Bd2 Ne5 14. f4 Nc6 15. Nxc6 bxc6 16. Rhg1 g6 17. e5 dxe5 18. fxe5 Nd5 19. Qf3 Nxc3 20. Bxc3 a5 21. Rg4 h5 22. Rc4 0-0 23. Rg1 Kg7 24. Qxh5 Rh8 25. Qf3 Rxh2 26. Rf4 Bb4 27. Rf6 Bxc3 28. Rfxg6+ 1-0

[Event "Dos Hermanas Internet f 8th"]
[Site "ICC INT"]
[Date "2007.03.23"]
[Round "1.2"]
[White "Kamsky, Gata"]
[Black "Sher, Miron Naumovich"]
[Result "1-0"]
[WhiteElo "2705"]
[BlackElo "2420"]
[PlyCount "65"]
[EventDate "2007.03.23"]
[EventType "k.o. (blitz)"]
[EventRounds "5"]
[EventCountry "USA"]
[SourceTitle "CBM 117 Extra"]
[Source "ChessBase"]
[SourceDate "2007.05.09"]
[SourceVersion "1"]
[SourceVersionDate "2007.05.09"]
[SourceQuality "1"]

1. d4 d5 2. Nf3 Bf5 3. Bf4 e6 4. e3 c6 5. c4 Nd7 6. Nc3 Ngf6 7. Qb3 Qb6 8. c5 Qxb3 9. axb3 a6 10. b4 Rc8 11. h3 h6 12. Nd2 Be7 13. Nb3 Bd8 14. Na5 Bxa5 15. bxa5 0-0 16. f3 Rfe8 17. Kd2 e5 18. Bh2 exd4 19. exd4 Nf8 20. Ra4 Rcd8 21. Rb4 Bc8 22. Bc7 Rd7 23. Be5 N6h7 24. Bd3 Ne6 25. Na4 Rde7 26. Bd6 Nd8 27. Bxe7 Rxe7 28. Bxa6 Ng5 29. Bd3 Rc7 30. a6 bxa6 31. Rb8 Nge6 32. Nb6 Bb7 33. Bf5 1-0

[Event "Schaumburg IM-C"]
[Site "Schaumburg"]
[Date "2006.04.19"]
[Round "4"]
[White "Hess, Robert L"]
[Black "Sher, Miron Naumovich"]
[Result "1/2-1/2"]
[WhiteElo "2354"]
[BlackElo "2431"]
[PlyCount "60"]
[EventDate "2006.04.18"]
[EventType "tourn"]
[EventRounds "9"]
[EventCountry "USA"]
[EventCategory "3"]
[SourceTitle "CBM 111 Extra"]
[Source "ChessBase"]
[SourceDate "2006.05.09"]
[SourceVersion "1"]
[SourceVersionDate "2006.05.09"]
[SourceQuality "1"]

1. d4 e6 2. e4 d5 3. exd5 exd5 4. Bf4 Bd6 5. Bxd6 Qxd6 6. Nc3 c6 7. Nf3 Bf5 8. Bd3 Ne7 9. 0-0 0-0 10. Re1 Bxd3 11. Qxd3 Nd7 12. Ne2 Rae8 13. c3 Ng6 14. Ng3 Qb8 15. Nh5 Nf4 16. Nxf4 Qxf4 17. Qd2 Qxd2 18. Nxd2 f6 19. Kf1 Kf7 20. Rad1 Rxe1+ 21. Rxe1 Re8 22. Nb3 Rxe1+ 23. Kxe1 b6 24. Kd2 Ke6 25. Ke3 Kd6 26. Nc1 Nf8 27. Ne2 Ne6 28. Ng3 g6 29. Ne2 Ng7 30. g4 Ne6 1/2-1/2

[Event "Paris-ch"]
[Site "Paris"]
[Date "2005.07.10"]
[Round "2"]
[White "Sadvakasov, Darmen"]
[Black "Sher, Miron Naumovich"]
[Result "1-0"]
[WhiteElo "2610"]
[BlackElo "2420"]
[PlyCount "61"]
[EventDate "2005.07.10"]
[EventType "swiss"]
[EventRounds "9"]
[EventCountry "FRA"]
[SourceTitle "CBM 107 Extra"]
[Source "ChessBase"]
[SourceDate "2005.09.01"]
[SourceVersion "1"]
[SourceVersionDate "2005.09.01"]
[SourceQuality "1"]

1. e4 c6 2. d4 d5 3. Nd2 dxe4 4. Nxe4 Bf5 5. Ng3 Bg6 6. Bc4 e6 7. N1e2 Bd6 8. h4 h6 9. Nf4 Bxf4 10. Bxf4 Nf6 11. Qe2 0-0 12. 0-0-0 Nbd7 13. h5 Bh7 14. Kb1 Nd5 15. Bd6 Re8 16. Bd3 Bxd3 17. Qxd3 b5 18. Ne4 N7f6 19. Nxf6+ Qxf6 20. Qe2 Qd8 21. Be5 a5 22. c3 a4 23. a3 Ra7 24. g4 Rd7 25. Ka1 Nb6 26. g5 hxg5 27. h6 f6 28. hxg7 Rxg7 29. Rh6 Nd5 30. Qh5 Kf8 31. Bd6+ 1-0

[Event "Samnaun HT1"]
[Site "Samnaun"]
[Date "2004.07.13"]
[Round "6"]
[White "Sher, Miron Naumovich"]
[Black "Loetscher, Roland"]
[Result "1-0"]
[WhiteElo "2426"]
[BlackElo "2324"]
[PlyCount "45"]
[EventDate "2004.07.08"]
[EventType "swiss"]
[EventRounds "9"]
[EventCountry "SUI"]
[SourceTitle "EXT 2005"]
[Source "ChessBase"]
[SourceDate "2004.11.15"]
[SourceVersion "1"]
[SourceVersionDate "2004.11.15"]
[SourceQuality "1"]

1. d4 Nf6 2. Nf3 c5 3. d5 e6 4. Nc3 d6 5. e4 a6 6. a4 Be7 7. Be2 0-0 8. 0-0 Re8 9. Nd2 Nbd7 10. dxe6 fxe6 11. Nc4 Nb6 12. e5 dxe5 13. Nxe5 Nbd5 14. Bf3 Bd6 15. Nc4 Bc7 16. Bg5 Nb6 17. Qxd8 Rxd8 18. Nxb6 Bxb6 19. a5 Ba7 20. Rfd1 Re8 21. Ne4 Nxe4 22. Bxe4 h6 23. Bg6 1-0

[Event "Samnaun HT1"]
[Site "Samnaun"]
[Date "2004.07.08"]
[Round "1"]
[White "Sher, Miron Naumovich"]
[Black "Colmenares, Aurelio"]
[Result "1-0"]
[WhiteElo "2426"]
[BlackElo "2075"]
[PlyCount "79"]
[EventDate "2004.07.08"]
[EventType "swiss"]
[EventRounds "9"]
[EventCountry "SUI"]
[SourceTitle "EXT 2005"]
[Source "ChessBase"]
[SourceDate "2004.11.15"]
[SourceVersion "1"]
[SourceVersionDate "2004.11.15"]
[SourceQuality "1"]

1. c4 g6 2. e4 Bg7 3. d4 d6 4. Nc3 Nf6 5. Nf3 0-0 6. Be2 e5 7. 0-0 Nc6 8. d5 Ne7 9. Nd2 Nd7 10. b4 f5 11. c5 Nf6 12. f3 f4 13. Nc4 g5 14. a4 Ng6 15. Ba3 Ne8 16. b5 b6 17. cxb6 axb6 18. Na2 Rf7 19. Nb4 Ne7 20. Nd2 Bf8 21. Nc6 Nxc6 22. dxc6 Rg7 23. Nc4 Be6 24. g4 fxg3 25. hxg3 h5 26. Ne3 Nf6 27. Qc2 Qc8 28. Bc4 Kh8 29. Bb2 Bh3 30. Rf2 Rh7 31. Re1 Qe8 32. Nf5 Qg6 33. Rh2 g4 34. Nh4 Qe8 35. f4 Kg7 36. Rf2 d5 37. exd5 Bc5 38. Rxe5 Qf7 39. d6 Qf8 40. Re7+ 1-0

[Event "Jack Collins Int f-A"]
[Site "New York"]
[Date "2000.06.21"]
[Round "3"]
[White "Gustafsson, Jan"]
[Black "Sher, Miron Naumovich"]
[Result "1/2-1/2"]
[WhiteElo "2484"]
[BlackElo "2417"]
[PlyCount "29"]
[EventDate "2000.06.19"]
[EventType "tourn"]
[EventRounds "4"]
[EventCountry "USA"]
[EventCategory "10"]
[SourceTitle "CBM 076 Extra"]
[Source "ChessBase"]
[SourceDate "2000.07.11"]
[SourceVersion "1"]
[SourceVersionDate "2000.07.11"]
[SourceQuality "1"]

1. d4 e6 2. c4 Nf6 3. Nc3 Bb4 4. Nf3 c5 5. g3 cxd4 6. Nxd4 Ne4 7. Qd3 Bxc3+ 8. bxc3 Nc5 9. Qe3 b6 10. Nb5 0-0 11. Bg2 Bb7 12. Bxb7 Nxb7 13. Ba3 Re8 14. 0-0 Qc8 15. Qf4 1/2-1/2

[Event "Fan Adams Int f-A"]
[Site "New York"]
[Date "1999.06.25"]
[Round "2"]
[White "Shahade, Gregory P"]
[Black "Sher, Miron Naumovich"]
[Result "1/2-1/2"]
[WhiteElo "2386"]
[BlackElo "2415"]
[PlyCount "135"]
[EventDate "1999.06.??"]
[EventType "schev"]
[EventRounds "4"]
[EventCountry "USA"]
[EventCategory "10"]
[SourceTitle "EXT 2000"]
[Source "ChessBase"]
[SourceDate "1999.11.16"]
[SourceVersion "1"]
[SourceVersionDate "1999.11.16"]
[SourceQuality "1"]

1. e4 c5 2. Nf3 d6 3. d4 Nf6 4. Nc3 cxd4 5. Nxd4 Nc6 6. Bg5 e6 7. Qd2 a6 8. 0-0-0 h6 9. Be3 Qc7 10. f3 Be7 11. Kb1 Ne5 12. f4 Nc4 13. Bxc4 Qxc4 14. e5 dxe5 15. fxe5 Nd7 16. Nf3 b5 17. Qf2 Bb7 18. Qg3 g6 19. Nd2 Qc7 20. Nde4 b4 21. Nd6+ Bxd6 22. exd6 Qa5 23. Ne2 0-0 24. Bxh6 Rfc8 25. Qh4 Qh5 26. Qxh5 gxh5 27. Rd4 a5 28. Bd2 f6 29. c3 bxc3 30. Bxc3 Kf7 31. Rg1 e5 32. Rh4 Ke6 33. Rxh5 a4 34. Bb4 Be4+ 35. Ka1 Rc2 36. Re1 Kf7 37. g3 Rac8 38. Nc3 Bg6 39. Rh4 Rg2 40. Ba3 e4 41. Bb4 f5 42. a3 Ne5 43. Rd1 Rd8 44. Nd5 Nd3 45. Nf4 Nxf4 46. Rxf4 Rd7 47. Rdf1 Ke6 48. R4f2 Rxf2 49. Rxf2 Bh5 50. Rc2 Bd1 51. Rc3 Be2 52. Kb1 Bb5 53. Kc1 Rh7 54. h4 Bd7 55. Kd2 Rg7 56. Ke2 Rg4 57. Kf2 Rg8 58. b3 axb3 59. Rxb3 Rc8 60. Ke3 Rg8 61. Kf2 Rc8 62. Rc3 Rg8 63. Rc7 Rg4 64. h5 Rg5 65. a4 Rxh5 66. Kg2 Rh8 67. a5 Rb8 68. Bc5 1/2-1/2

[Event "Fan Adams Int f-A"]
[Site "New York"]
[Date "1999.06.24"]
[Round "1"]
[White "Sher, Miron Naumovich"]
[Black "Burnett, Ronald"]
[Result "1/2-1/2"]
[WhiteElo "2415"]
[BlackElo "2420"]
[PlyCount "102"]
[EventDate "1999.06.??"]
[EventType "schev"]
[EventRounds "4"]
[EventCountry "USA"]
[EventCategory "10"]
[SourceTitle "EXT 2000"]
[Source "ChessBase"]
[SourceDate "1999.11.16"]
[SourceVersion "1"]
[SourceVersionDate "1999.11.16"]
[SourceQuality "1"]

1. c4 b6 2. d4 e6 3. e4 Bb7 4. Nd2 Bb4 5. Qc2 Qh4 6. Bd3 Qg4 7. Kf1 f5 8. h3 Qg6 9. Ngf3 Ne7 10. exf5 exf5 11. d5 c6 12. Ne5 Qf6 13. Ndf3 h6 14. Be3 cxd5 15. Bd4 Nbc6 16. Nxc6 Qxc6 17. a3 Bc5 18. cxd5 Qxd5 19. Be5 a5 20. Rd1 Qf7 21. h4 Bd5 22. Qc3 Rc8 23. Ba6 Rc6 24. Bb5 Rc8 25. Ba6 Ra8 26. Bb5 0-0 27. b4 axb4 28. axb4 Rfc8 29. Bxd7 Rd8 30. bxc5 Rxd7 31. Bd6 Bxf3 32. Qxf3 Rad8 33. Rb1 bxc5 34. Bxe7 Qxe7 35. g3 Rd3 36. Qc6 Rd1+ 37. Kg2 Rxh1 38. Rxh1 Qe5 39. Rb1 Rd5 40. Rb8+ Kh7 41. Re8 Rd6 42. Qc8 Qd5+ 43. Kh2 Kg6 44. Re7 Qf3 45. Qe8+ Kh7 46. Rxg7+ Kxg7 47. Qe7+ Kg8 48. Qe8+ Kg7 49. Qe7+ Kg8 50. Qe8+ Kg7 51. Qe7+ Kg8 1/2-1/2

[Event "MK Cafe Cup-A"]
[Site "Koszalin"]
[Date "1997.08.09"]
[Round "8"]
[White "Sher, Miron Naumovich"]
[Black "Nielsen, Peter Heine"]
[Result "1/2-1/2"]
[WhiteElo "2425"]
[BlackElo "2515"]
[PlyCount "37"]
[EventDate "1997.08.03"]
[EventType "swiss"]
[EventRounds "10"]
[EventCountry "POL"]
[SourceTitle "CBM 059 Extra"]
[Source "ChessBase"]
[SourceDate "1997.09.26"]
[SourceVersion "1"]
[SourceVersionDate "1997.09.26"]
[SourceQuality "1"]

1. Nf3 d5 2. c4 c6 3. e3 Nf6 4. b3 g6 5. Bb2 Bg7 6. d3 0-0 7. Nbd2 Bg4 8. Be2 Nbd7 9. 0-0 Ne8 10. Bxg7 Kxg7 11. h3 Bxf3 12. Nxf3 e6 13. Qc2 a5 14. a3 Nd6 15. b4 Qe7 16. Qb2+ Qf6 17. Qxf6+ Kxf6 18. Nd2 Ra7 19. Nb3 1/2-1/2

[Event "MK Cafe Cup-A"]
[Site "Koszalin"]
[Date "1997.08.06"]
[Round "5"]
[White "Khenkin, Igor"]
[Black "Sher, Miron Naumovich"]
[Result "1-0"]
[WhiteElo "2550"]
[BlackElo "2425"]
[PlyCount "81"]
[EventDate "1997.08.03"]
[EventType "swiss"]
[EventRounds "10"]
[EventCountry "POL"]
[SourceTitle "CBM 059 Extra"]
[Source "ChessBase"]
[SourceDate "1997.09.26"]
[SourceVersion "1"]
[SourceVersionDate "1997.09.26"]
[SourceQuality "1"]

1. d4 d6 2. e4 Nf6 3. Nc3 g6 4. g3 Bg7 5. Bg2 0-0 6. Nge2 e5 7. h3 c6 8. a4 Nbd7 9. 0-0 Re8 10. a5 d5 11. exd5 Nxd5 12. Nxd5 cxd5 13. dxe5 Nxe5 14. a6 bxa6 15. Nf4 Rb8 16. Qxd5 Qxd5 17. Nxd5 Bd7 18. Rd1 Bf5 19. Ne3 Red8 20. Re1 Bc8 21. Ra4 Nd7 22. b3 Nb6 23. Ra2 Bc3 24. Rd1 Re8 25. Ba3 Be5 26. Bc6 Bxh3 27. Bxe8 Rxe8 28. Bd6 Bc8 29. c4 Nd7 30. Rad2 Bb7 31. Bxe5 Nxe5 32. Rd8 Kf8 33. Rxe8+ Kxe8 34. Nd5 Kd7 35. f4 Nc6 36. Nf6+ Ke6 37. Nxh7 Na5 38. Ng5+ Ke7 39. Rd3 f6 40. Re3+ Kd7 41. Nh7 1-0

[Event "Geneve op"]
[Site "Geneve"]
[Date "1997.??.??"]
[Round "4"]
[White "Forster, Richard"]
[Black "Sher, Miron Naumovich"]
[Result "1-0"]
[WhiteElo "2365"]
[BlackElo "2470"]
[PlyCount "49"]
[EventDate "1997.01.??"]
[EventType "swiss"]
[EventRounds "9"]
[EventCountry "SUI"]
[SourceTitle "EXT 1998"]
[Source "ChessBase"]
[SourceDate "1997.11.17"]
[SourceVersion "1"]
[SourceVersionDate "1997.11.17"]
[SourceQuality "1"]

1. e4 c5 2. Nf3 d6 3. d4 Nf6 4. Nc3 cxd4 5. Nxd4 Nc6 6. Bc4 e6 7. Be3 a6 8. Bb3 Be7 9. f4 0-0 10. Qf3 Nxd4 11. Bxd4 b5 12. 0-0-0 Bb7 13. Rhe1 Bc6 14. Qe2 Qc7 15. g4 e5 16. Be3 b4 17. Nd5 Nxd5 18. Bxd5 Bb5 19. Qf2 Rfc8 20. g5 exf4 21. Bxf4 a5 22. e5 dxe5 23. Bxe5 Bc5 24. Qf4 Qa7 25. Be4 1-0

[Event "Geneve op"]
[Site "Geneve"]
[Date "1997.??.??"]
[Round "6"]
[White "Gerber, Richard"]
[Black "Sher, Miron Naumovich"]
[Result "1-0"]
[WhiteElo "2360"]
[BlackElo "2470"]
[PlyCount "103"]
[EventDate "1997.01.??"]
[EventType "swiss"]
[EventRounds "9"]
[EventCountry "SUI"]
[SourceTitle "EXT 1998"]
[Source "ChessBase"]
[SourceDate "1997.11.17"]
[SourceVersion "1"]
[SourceVersionDate "1997.11.17"]
[SourceQuality "1"]

1. d4 e6 2. Nf3 c5 3. e3 Nf6 4. c4 cxd4 5. exd4 d5 6. Nc3 Be7 7. cxd5 Nxd5 8. Bd3 Nc6 9. 0-0 0-0 10. Re1 Bf6 11. Be4 Nce7 12. Qd3 h6 13. Ne5 Nxc3 14. bxc3 Bxe5 15. dxe5 Qxd3 16. Bxd3 Bd7 17. Ba3 Rfe8 18. Be4 Bc6 19. Bxe7 Bxe4 20. Bc5 Bd5 21. Reb1 Rec8 22. Bd4 a5 23. f3 Rc4 24. Kf2 Ra4 25. a3 Kh7 26. g4 f6 27. Kg3 Rf8 28. exf6 gxf6 29. Rb5 Kg6 30. Bb6 Ra8 31. h4 h5 32. Rc5 hxg4 33. fxg4 f5 34. gxf5+ Kf6 35. Rxd5 Rg8+ 36. Kf3 exd5 37. Bd4+ Kxf5 38. Re1 Rxa3 39. h5 Rf8 40. Re5+ Kf6 41. Re8+ Kg5+ 42. Rxf8 Kxh5 43. Kf4 Ra1 44. Rf5+ Kg6 45. Rf6+ Kh5 46. Rf5+ Kg6 47. Rxd5 a4 48. Rg5+ Kf7 49. Rg7+ Ke6 50. Rxb7 Kd5 51. Ke3 a3 52. c4+ 1-0